000 00741nam a2200241Ia 4500
003 OSt
005 20220925223809.0
006 a|||||r|||| 00| 0
007 ta
008 220923b |||||||| |||| 00| 0 eng d
020 _a9780415696585
_c8238.2900000000009
037 _bBBS/73, 20/11/2012, Better Book Service
_cGeneral Book
040 _aRTL
_cRTL
_beng
041 _2eng
_aeng
082 _aU54, Q2
100 _aKOBAYASHI Audrey
_9290369
245 0 _aGeographies of Peace and Armed Conflict.
260 _aLondon
_bRoutledge
_c2012
300 _av,241p.
_ccm.
650 _aGeography
942 _hU54, Q2
_cGB
_2CC
999 _c580415
_d580415